Association of HRM practices with job satisfaction, employees turnover intention and organizational commitment in selected hotels of Delhi and NCR (Record no. 9042)

MARC details
000 -LEADER
fixed length control field 00454nam a2200145Ia 4500
008 - FIXED-LENGTH DATA ELEMENTS--GENERAL INFORMATION
fixed length control field 230917s9999||||xx |||||||||||||| ||und||
040 ## - CATALOGING SOURCE
-- 5000905
Original cataloging agency VIVEKANANDA LIBRARY
041 ## - Language
-- English
082 ## - DDC NUMBER
Classification number 647.94 S64A
100 ## - MAIN ENTRY--PERSONAL NAME
Personal name Singh, Pankaj Kumar
245 #0 - TITLE STATEMENT
Title Association of HRM practices with job satisfaction, employees turnover intention and organizational commitment in selected hotels of Delhi and NCR
260 ## - PUBLICATION, DISTRIBUTION, ETC. (IMPRINT)
Date of publication, distribution, etc 2021
300 ## - PHYSICAL DESCRIPTION
Pages xv, 173 p.
942 ## - ADDED ENTRY ELEMENTS (KOHA)
Koha item type Books
Holdings
Withdrawn status Lost status Damaged status Not for loan Location (home branch) Sublocation or collection (holding branch) Shelving location Date acquired Koha issues (times borrowed) Koha full call number Accession No. Koha date last seen Koha item type
        VIVEKANANDA LIBRARY VIVEKANANDA LIBRARY IHTM Library 25/11/2022   647.94 S64A 410014 17/09/2023 Books
© Designed and Maintained by Vivekananda Library, MDU Rohtak